Trabajadoras en empresas textileras de la zona franca: ¿funcionan las leyes? /

Сохранить в:
Библиографические подробности
Главный автор: Miller, Liz
Формат: Текст
Метки: Добавить метку
Нет меток, Требуется 1-ая метка записи!

MARC

LEADER 00000 a a2200000 04500
001 45956
003
040 |a CRAI/IIS  |c CRAI/IIS 
100 |a Miller, Liz  
245 |a Trabajadoras en empresas textileras de la zona franca:   |b ¿funcionan las leyes? /  |c Liz Miller  
773 |g volumen13, número365 (1993), páginas 17-19 : fotos  
999 |c 17841  |d 17841